00405nam a2200133Ia 4500003000400000008004100004040001600045082001700061100002400078245008600102260005500188300001200243650001600255GCL140319s9999 xx 000 0 eng d aGCL / cGCL04a700.972bF G1 aFERNANDEZ, JUTSTINO10aA GUIDE TO MEXICAN ART: FROM ITS BEGINNING TO THE PRESENT / cFERNANDEZ, JUTSTINO a[S.N] : bUNIVERSITY OF CALIFORNIA PRESS ، c1969 a398 P P04aART MEXICAN